| 000 | 00879pam a2200241 a 4500 | ||
|---|---|---|---|
| 999 |
_c330200 _d330200 |
||
| 001 | 1636293 | ||
| 003 | NUST | ||
| 005 | 20170613124946.0 | ||
| 008 | 960813s1997 njua b 001 0 eng | ||
| 010 | _a 96038434 | ||
| 020 | _a013673104X | ||
| 040 |
_aDLC _cDLC _dDLC |
||
| 050 | 0 | 0 |
_aQD453.2 _b.D94 1997 |
| 082 | 0 | 0 |
_a574 DYK _220 |
| 100 | 1 |
_aDykstra, Clifford E. _92555 |
|
| 245 | 1 | 0 |
_aPhysical chemistry : _ba modern introduction / _cClifford E. Dykstra. |
| 260 |
_aUpper Saddle River, NJ : _bPrentice Hall, _cc1997. |
||
| 300 |
_axviii, 652 p. : _bill. ; _c25 cm. |
||
| 500 | _aH.B | ||
| 504 | _aIncludes bibliographical references and index. | ||
| 650 | 0 |
_aChemistry, Physical and theoretical. _91241 |
|
| 906 |
_a7 _bcbc _corignew _d1 _eocip _f19 _gy-gencatlg |
||
| 942 |
_2ddc _cBK _kIESE |
||